Strategy Safari : (Record no. 11249)
[ view plain ]
| 000 -LEADER | |
|---|---|
| fixed length control field | 02026cam a2200385 a 4500 |
| 001 - CONTROL NUMBER | |
| control field | 1669235 |
| 005 - DATE AND TIME OF LATEST TRANSACTION | |
| control field | 20060725211937.0 |
| 008 - FIXED-LENGTH DATA ELEMENTS--GENERAL INFORMATION | |
| fixed length control field | 980128s1998 nyua b 001 0 eng |
| 010 ## - LIBRARY OF CONGRESS CONTROL NUMBER | |
| LC control number | 2005044085 |
| 020 ## - INTERNATIONAL STANDARD BOOK NUMBER | |
| International Standard Book Number | 0684847434 (hardcover) |
| 020 ## - INTERNATIONAL STANDARD BOOK NUMBER | |
| International Standard Book Number | 9780684847436 |
| 020 ## - INTERNATIONAL STANDARD BOOK NUMBER | |
| International Standard Book Number | 9780743270571 (pbk) |
| 020 ## - INTERNATIONAL STANDARD BOOK NUMBER | |
| International Standard Book Number | 0743270576 (pbk) |
| 040 ## - CATALOGING SOURCE | |
| Original cataloging agency | DLC |
| Transcribing agency | DLC |
| Modifying agency | DLC |
| 050 00 - LIBRARY OF CONGRESS CALL NUMBER | |
| Classification number | HD30.28 |
| Item number | .M564 1998 |
| 082 00 - DEWEY DECIMAL CLASSIFICATION NUMBER | |
| Classification number | 658.4012 |
| Edition number | 21 |
| Item number | MIN |
| 100 1# - MAIN ENTRY--PERSONAL NAME | |
| Personal name | Mintzberg, Henry. |
| 9 (RLIN) | 3465 |
| 245 10 - TITLE STATEMENT | |
| Title | Strategy Safari : |
| Remainder of title | A Guided Tour Through the Wilds of Strategic Management / |
| Statement of responsibility, etc | Henry Mintzberg, Bruce Ahlstrand, Joseph Lampel. |
| 260 ## - PUBLICATION, DISTRIBUTION, ETC. (IMPRINT) | |
| Place of publication, distribution, etc | New York : |
| Name of publisher, distributor, etc | Free Press, |
| Date of publication, distribution, etc | c1998. |
| 300 ## - PHYSICAL DESCRIPTION | |
| Extent | x, 406 p. : |
| Other physical details | ill. ; |
| Dimensions | 25 cm. |
| 504 ## - BIBLIOGRAPHY, ETC. NOTE | |
| Bibliography, etc | Includes bibliographical references (p. 375-395) and index. |
| 650 #0 - SUBJECT ADDED ENTRY--TOPICAL TERM | |
| Topical term or geographic name as entry element | Strategic planning. |
| 9 (RLIN) | 3466 |
| 650 #0 - SUBJECT ADDED ENTRY--TOPICAL TERM | |
| Topical term or geographic name as entry element | Business planning. |
| 9 (RLIN) | 3321 |
| 700 1# - ADDED ENTRY--PERSONAL NAME | |
| Personal name | Ahlstrand, Bruce W. |
| 9 (RLIN) | 3467 |
| 700 1# - ADDED ENTRY--PERSONAL NAME | |
| Personal name | Lampel, Joseph. |
| 9 (RLIN) | 3468 |
| 856 42 - ELECTRONIC LOCATION AND ACCESS | |
| Materials specified | Contributor biographical information |
| Uniform Resource Identifier | <a href="http://www.loc.gov/catdir/bios/simon051/98009694.html">http://www.loc.gov/catdir/bios/simon051/98009694.html</a> |
| 856 42 - ELECTRONIC LOCATION AND ACCESS | |
| Materials specified | Publisher description |
| Uniform Resource Identifier | <a href="http://www.loc.gov/catdir/description/simon031/98009694.html">http://www.loc.gov/catdir/description/simon031/98009694.html</a> |
| 856 41 - ELECTRONIC LOCATION AND ACCESS | |
| Materials specified | Table of contents only |
| Uniform Resource Identifier | <a href="http://www.loc.gov/catdir/enhancements/fy0631/98009694-t.html">http://www.loc.gov/catdir/enhancements/fy0631/98009694-t.html</a> |
| 856 41 - ELECTRONIC LOCATION AND ACCESS | |
| Materials specified | Sample text |
| Uniform Resource Identifier | <a href="http://www.loc.gov/catdir/enhancements/fy0641/98009694-s.html">http://www.loc.gov/catdir/enhancements/fy0641/98009694-s.html</a> |
| 942 ## - ADDED ENTRY ELEMENTS (KOHA) | |
| Source of classification or shelving scheme | Dewey Decimal Classification |
| Item type | NB - Book (Non borrowing) |
| Withdrawn status | Item status | Source of classification or shelving scheme | Damaged status | Not for loan | Vendor | Home library | Current library | Shelving location | Date acquired | Source of acquisition | Total Checkouts | Full call number | Barcode | Date last seen | Date last borrowed | Koha item type | Total Renewals |
|---|---|---|---|---|---|---|---|---|---|---|---|---|---|---|---|---|---|
| Dewey Decimal Classification | Baccah | Central Library | Central Library | First floor | 09/04/2009 | 2 | 658.4012 MIN | 000015856 | 15/07/2025 | 28/05/2009 | NB - Book (Non borrowing) | ||||||
| Dewey Decimal Classification | Baccah | Central Library | Central Library | First floor | 09/04/2009 | 1 | 658.4012 MIN | 000015858 | 15/07/2025 | 21/05/2009 | Book - Borrowing | ||||||
| Dewey Decimal Classification | Baccah | Central Library | Central Library | First floor | 09/04/2009 | 2 | 658.4012 MIN | 000015857 | 15/07/2025 | 18/02/2010 | Book - Borrowing | 31 |